00329nam a22001097a 4500003000500000005001700005082001700022100003700039245008700076260004000163300001600203NUST20221007094055.0 a823.912, QAY aQayoom, Maj Gen (R) Main Abdul  aBelated Swan Song: bA Military Biography /cMaj Gen (R) Main Abdul Qayoom, HI (M) aPakistan bCreative Plus Pub c2022 a284: pages